| 000 | 01459cam a2200337 i 4500 | ||
|---|---|---|---|
| 003 | SA-RiAUC | ||
| 005 | 20251103115204.0 | ||
| 008 | 251101s1962 su f l f000r0 ara c | ||
| 020 | _a4319141 | ||
| 040 |
_aSA-RiKSU _bara _cSA-RiAUC _dSA-RiKSU _erda |
||
| 043 | _aa-su--- | ||
| 082 | 0 | 4 |
_a346.53107 _qSA-RiAUC |
| 090 |
_a346.53107 _bس ع و |
||
| 110 | 1 |
_aالسعودية _eمؤلف. |
|
| 240 | 1 | 0 | _aنظام الغرفة التجارية والصناعية |
| 245 | 1 | 0 | _aنظام الغرفة التجارية والصناعية. |
| 250 | _aالطبعة الثالثة. | ||
| 264 | 1 |
_aمكة المكرمة : _bمطبعة الحكومة، _c[1962] |
|
| 300 |
_a8 صفحة ؛ _c24 × 17 سم |
||
| 336 |
_aنص _btxt _2rdacontent _3كتاب |
||
| 337 |
_aبدون وسيط _bn _2rdamedia |
||
| 338 |
_aمجلد _bnc _2rdacarrier |
||
| 500 | _aس ع/م ل/3/ن6غ4. | ||
| 610 | 2 | 7 |
_aالغرفة التجارية الصناعية (جدة، السعودية) _vقوانين داخلية _2aucnm |
| 610 | 2 | 7 |
_aالغرفة التجارية الصناعية (جدة، السعودية) _xمطبوعات حكومية _2aucnm |
| 650 | 7 |
_aالغرف التجارية _xقوانين وتشريعات _xمطبوعات حكومية _zالسعودية _2aucsh |
|
| 650 | 7 |
_aالمطبوعات الحكومية _2aucsh |
|
| 651 | 7 |
_aالسعودية _xمطبوعات حكومية _2aucsh |
|
| 942 |
_2ddc _cBOOK _n0 |
||
| 949 |
_aSA-JeALM _d251101 _umohamedma123 _n1 |
||
| 999 |
_c12962 _d12962 |
||